Die menschliche Figur in der Rundplastik der ägyptischen Spätzeit von der XXII. bis zur XXX. Dynastie /
Main Author:
Format: Book
Language: German
Published:
Glückstadt ; New York :
J. J. Augustin,
1936.
Series:
Agyptologische Forschungen ;
1.
AgForsch ;
1.
Subjects:
Tags: Add Tag
Call Number: DT57 .A4 v.1
| LEADER | 00965namaa2200277 4500 | ||
|---|---|---|---|
| 001 | 18995 | ||
| 003 | OSt | ||
| 005 | 20260330140354.0 | ||
| 008 | 130303s1936 gw af b 001 0 ger d | ||
| 010 | |a 39001392 | ||
| 040 | |c ARCE Library | ||
| 050 | 4 | |a DT57 .A4 v.1 | |
| 100 | 1 | |a Bosse, Kathe, |d 1910-1998, |e author |9 27073 | |
| 245 | 1 | 4 | |a Die menschliche Figur in der Rundplastik der ägyptischen Spätzeit von der XXII. bis zur XXX. Dynastie / |c [von] Käthe Bosse. |
| 264 | 1 | |a Glückstadt ; |a New York : |b J. J. Augustin, |c 1936. | |
| 300 | |a 104 page, 18 leaves of plates : |b illustrations ; |c 30 cm. | ||
| 490 | 1 | |a Agyptologische Forschungen ; |v 1. | |
| 490 | 1 | |a AgForsch ; |v 1. | |
| 504 | |a Includes bibliographical references (pages 81-83) and index. | ||
| 650 | 0 | |a Sculpture, Egyptian. | |
| 650 | 0 | |a Human figure in art. | |
| 830 | 0 | |a Agyptologische Forschungen ; |v 1. | |
| 830 | 0 | |a AgForsch ; |v 1. | |
| 901 | |a reviewed | ||
| 942 | |c BK |2 lcc | ||
| 999 | |c 16025 |d 16025 | ||
